State of stress in the earth's crust : (Record no. 10526)
[ view plain ]
| 000 -LEADER | |
|---|---|
| fixed length control field | 01318cam a22003011 4500 |
| 001 - CONTROL NUMBER | |
| control field | 10526 |
| 003 - CONTROL NUMBER IDENTIFIER | |
| rucl marc code | BD-RjUL |
| 005 - DATE AND TIME OF LATEST TRANSACTION | |
| control field | 20211208234953.0 |
| 008 - FIXED-LENGTH DATA ELEMENTS--GENERAL INFORMATION | |
| fixed length control field | 140125s1964 nyua b 101 0 eng |
| 035 ## - SYSTEM CONTROL NUMBER | |
| System control number | (BD-RjUL)10754 |
| System control number | (OCoLC)562012 |
| 040 ## - CATALOGING SOURCE | |
| Original cataloging agency | DLC |
| Transcribing agency | ODaWU |
| Modifying agency | OCoLC |
| -- | Uk |
| -- | DLC |
| -- | BD-RjUL |
| Language of cataloging | eng |
| 041 0# - LANGUAGE CODE | |
| Language code of text/sound track or separate title | eng |
| Language code of summary or abstract | freger |
| 082 ## - DEWEY DECIMAL CLASSIFICATION NUMBER | |
| Classification number | 624.152082 |
| Author mark and year | INS 1964 |
| 111 2# - MAIN ENTRY--MEETING NAME | |
| Meeting name or jurisdiction name as entry element | International Conference on State of Stress in the Earth's Crust |
| Date of meeting | (1963 : |
| Location of meeting | Santa Monica, Calif.) |
| 9 (RLIN) | 32543 |
| 245 10 - TITLE STATEMENT | |
| Title | State of stress in the earth's crust : |
| Remainder of title | proceedings of the international conference, June 13 & 14, 1963, Santa Monica, California. / |
| Statement of responsibility, etc. | Edited by William R. Judd. |
| 260 ## - PUBLICATION, DISTRIBUTION, ETC. (IMPRINT) | |
| Place of publication, distribution, etc. | New York : |
| Name of publisher, distributor, etc. | American Elsevier Pub. Co., |
| Date of publication, distribution, etc. | c1964. |
| 300 ## - PHYSICAL DESCRIPTION | |
| Pagination | xiii, 732 p. : |
| Illustrations | illus. ; |
| Size | 28 cm. |
| 500 ## - GENERAL NOTE | |
| General note | Abstracts in English, French, and German. |
| General note | Organized by the Committee on Rock Mechanics of the Division on Engineering Geology, Geological Society of America. |
| 504 ## - BIBLIOGRAPHY, ETC. NOTE | |
| Bibliography, etc | Includes bibliographies references and index. |
| 650 #0 - SUBJECT ADDED ENTRY--TOPICAL TERM | |
| Topical term or geographic name as entry element | Rock mechanics |
| Form subdivision | Congresses. |
| 9 (RLIN) | 32540 |
| 700 1# - ADDED ENTRY--PERSONAL NAME | |
| Personal name | Judd, William R., |
| Relator term | ed. |
| 710 2# - ADDED ENTRY--CORPORATE NAME | |
| Corporate name or jurisdiction name as entry element | Geological Society of America. |
| Subordinate unit | Division on Engineering Geology. |
| -- | Committee on Rock Mechanics. |
| 9 (RLIN) | 32542 |
| 942 ## - ADDED ENTRY ELEMENTS (KOHA) | |
| Source of classification or shelving scheme | Dewey Decimal Classification |
| Koha item type | Books |
| Lost status | Source of classification or shelving scheme | Damaged status | Not for loan | Collection code | Permanent Location | Current Location | Shelving location | Date acquired | Source of acquisition | Cost, normal purchase price | Total Checkouts | Full call number | Date last seen | Copy number | Koha item type |
|---|---|---|---|---|---|---|---|---|---|---|---|---|---|---|---|
| Dewey Decimal Classification | Not For Loan | Non-fiction | Central Library, University of Rajshahi | Central Library, University of Rajshahi | Reading Room | 10/01/1970 | Zuit | 157.60 | 624.152082 INS 1964 | 25/01/2014 | C-1 | Books |